Barcelona Champions League XIs - Statistics

General Stats
  • This quiz has been taken 6,354 times
    4,025 since last reset
  • The average score is 42 of 102
Answer Stats
Answer % Correct
Lionel Messi
98%
Marc-André ter Stegen
96%
Luis Suárez
95%
Andrés Iniesta
94%
Neymar
94%
Xavi
93%
Gerard Piqué
92%
Sergio Busquets
91%
Carles Busquets
90%
Carles Puyol
89%
Robert Lewandowski
89%
Víctor Valdés
88%
Jordi Alba
87%
Pedri
87%
Dani Alves
85%
Gavi
84%
Lamine Yamal
83%
Raphinha
81%
Ronaldinho
77%
Frenkie de Jong
76%
Ivan Rakitić
74%
Ronald Araújo
73%
Samuel Eto'o
73%
Pedro
72%
David Villa
71%
Javier Mascherano
69%
Jules Koundé
68%
Thierry Henry
64%
Ousmane Dembélé
63%
Eric Abidal
62%
Sergi Roberto
61%
Zlatan Ibrahimović
61%
Samuel Umtiti
59%
Antoine Griezmann
56%
Philippe Coutinho
55%
Francesc Fàbregas
54%
Andreas Christensen
53%
Rivaldo
53%
Clément Lenglet
51%
Josep Guardiola
48%
Alexis Sánchez
44%
Ronald Koeman
44%
Yaya Touré
44%
Luís Figo
43%
Memphis Depay
43%
Deco
41%
Arturo Vidal
40%
Eric García
38%
İlkay Gündoğan
38%
Romário
38%
Rafael Márquez
37%
Paulinho
35%
João Cancelo
33%
Luis Enrique
33%
Sergiño Dest
33%
Nélson Semedo
32%
Seydou Keïta
32%
Hristo Stoichkov
30%
Patrick Kluivert
30%
André Gomes
26%
Frank de Boer
24%
Marcos Alonso
24%
Gianluca Zambrotta
23%
Giovanni van Bronckhorst
23%
Franck Kessié
22%
Juliano Belletti
22%
Andoni Zubizarreta
21%
Ludovic Giuly
21%
Sergi
20%
Mark van Bommel
19%
Javier Saviola
17%
Miralem Pjanić
17%
Oriol Romeu
15%
Phillip Cocu
15%
Oleguer
14%
Thiago Motta
14%
Edmilson
12%
Gabriel Milito
11%
Miguel Nadal
11%
Albert Ferrer
10%
Michael Reiziger
10%
Nico González
9%
José Mari Bakero
8%
Ruud Hesp
8%
Guillermo Amor
7%
Roberto Bonano
7%
Abelardo
6%
Boudewijn Zenden
6%
Gaizka Mendieta
6%
Giovanni
6%
Sonny Anderson
6%
Francesco Coco
5%
Gabri
5%
Txiki Begiristain
5%
Winston Bogarde
5%
Fernando Couto
4%
Gerard
4%
Philippe Christanval
4%
Richard Dutruel
4%
Simão
4%
Albert Celades
3%
Samuel Okunowo
2%
No matching quizzes found
Score Distribution
Percent of People with Each Score
Percentile by Number Answered
Your Score History
You have not taken this quiz since the last reset